[Event "MCR druzstev mladsich zaku 2019"]
[Site "Trest"]
[Date "2019.06.16"]
[Round "9.7"]
[White "Paseka, Matyas"]
[Black "Juracak, David"]
[Result "1-0"]
[BlackElo "1445"]
[WhiteElo "1642"]
[LiveChessVersion "1.4.8"]

1. e4 {[%clk 0:25:18]} e5 {[%clk 0:25:19]} 2. Nf3 {[%clk 0:25:27]} Nf6
{[%clk 0:25:27]} 3. Nxe5 {[%clk 0:25:32]} d6 {[%clk 0:25:35]} 4. Nf3
{[%clk 0:25:41]} Nxe4 {[%clk 0:25:44]} 5. d4 {[%clk 0:25:48]} d5 {[%clk 0:25:46]}
6. Bd3 {[%clk 0:25:55]} Nc6 {[%clk 0:25:39]} 7. O-O {[%clk 0:25:58]} Bf5
{[%clk 0:25:24]} 8. Re1 {[%clk 0:26:00]} Be7 {[%clk 0:25:30]} 9. c4
{[%clk 0:26:03]} O-O {[%clk 0:25:22]} 10. Nc3 {[%clk 0:26:01]} Nxc3
{[%clk 0:25:29]} 11. bxc3 {[%clk 0:26:09]} Bg4 {[%clk 0:25:02]} 12. h3
{[%clk 0:25:49]} Bh5 {[%clk 0:25:10]} 13. cxd5 {[%clk 0:24:42]} Qxd5
{[%clk 0:25:07]} 14. Be4 {[%clk 0:24:48]} Qd6 {[%clk 0:24:49]} 15. Qd3
{[%clk 0:24:12]} Bg6 {[%clk 0:24:37]} 16. Bxg6 {[%clk 0:24:09]} fxg6
{[%clk 0:24:44]} 17. Bb2 {[%clk 0:23:42]} Bf6 {[%clk 0:23:03]} 18. Rad1
{[%clk 0:22:43]} Rae8 {[%clk 0:23:01]} 19. c4 {[%clk 0:19:15]} Rxe1+
{[%clk 0:18:54]} 20. Rxe1 {[%clk 0:19:23]} Qd7 {[%clk 0:19:02]} 21. Bc3
{[%clk 0:17:00]} Re8 {[%clk 0:18:08]} 22. Rxe8+ {[%clk 0:17:02]} Qxe8
{[%clk 0:18:16]} 23. d5 {[%clk 0:17:06]} Ne5 {[%clk 0:17:54]} 24. Nxe5
{[%clk 0:17:12]} Bxe5 {[%clk 0:13:19]} 25. Qe3 {[%clk 0:17:21]} Bh2+
{[%clk 0:12:59]} 26. Kxh2 {[%clk 0:17:29]} Qxe3 {[%clk 0:13:07]} 27. fxe3
{[%clk 0:17:38]} Kf8 {[%clk 0:13:15]} 28. Kg3 {[%clk 0:17:46]} Kf7
{[%clk 0:13:12]} 29. Kf4 {[%clk 0:17:52]} h6 {[%clk 0:12:27]} 30. h4
{[%clk 0:18:00]} a6 {[%clk 0:12:29]} 31. a4 {[%clk 0:18:09]} Kf8 {[%clk 0:12:12]}
32. c5 {[%clk 0:17:38]} Kf7 {[%clk 0:08:08]} 33. e4 {[%clk 0:17:46]} Kf8
{[%clk 0:08:14]} 34. d6 {[%clk 0:17:52]} 1-0

[Event "MCR druzstev mladsich zaku 2019"]
[Site "Trest"]
[Date "2019.06.16"]
[Round "9.8"]
[White "Kanak, Matyas"]
[Black "Vasinek, Martin"]
[Result "0-1"]
[BlackElo "1700"]
[WhiteElo "1530"]
[LiveChessVersion "1.4.8"]

1. e4 {[%clk 0:25:17]} c5 {[%clk 0:25:19]} 2. Nf3 {[%clk 0:25:26]} Nc6
{[%clk 0:25:29]} 3. d4 {[%clk 0:25:35]} cxd4 {[%clk 0:25:38]} 4. Nxd4
{[%clk 0:25:44]} g6 {[%clk 0:25:47]} 5. Be3 {[%clk 0:25:48]} Bg7 {[%clk 0:25:55]}
6. Nc3 {[%clk 0:25:50]} Nf6 {[%clk 0:26:04]} 7. Bc4 {[%clk 0:25:36]} Qa5
{[%clk 0:26:13]} 8. O-O {[%clk 0:25:31]} O-O {[%clk 0:26:18]} 9. Bb3
{[%clk 0:25:32]} d6 {[%clk 0:26:24]} 10. h3 {[%clk 0:22:30]} Bd7 {[%clk 0:26:26]}
11. f4 {[%clk 0:21:40]} a6 {[%clk 0:26:21]} 12. Kh1 {[%clk 0:17:46]} Nh5
{[%clk 0:25:34]} 13. Kg1 {[%clk 0:07:06]} Rfe8 {[%clk 0:23:54]} 14. f5
{[%clk 0:07:04]} Ne5 {[%clk 0:22:46]} 15. fxg6 {[%clk 0:06:52]} hxg6
{[%clk 0:22:48]} 16. Qd2 {[%clk 0:06:24]} Rac8 {[%clk 0:18:32]} 17. Nf3
{[%clk 0:03:23]} Nc4 {[%clk 0:15:54]} 18. Bxc4 {[%clk 0:03:18]} Rxc4
{[%clk 0:15:44]} 19. Nd4 {[%clk 0:02:29]} Qb4 {[%clk 0:14:23]} 20. Qf2
{[%clk 0:01:19]} Nf6 {[%clk 0:08:22]} 21. Nd5 0-1

[Event "MCR druzstev mladsich zaku 2019"]
[Site "Trest"]
[Date "2019.06.16"]
[Round "9.9"]
[White "Buchta, Bartolomej"]
[Black "Zemek, Antonin"]
[Result "1-0"]
[BlackElo "1462"]
[WhiteElo "1556"]
[LiveChessVersion "1.4.8"]

1. e4 {[%clk 0:25:17]} e5 {[%clk 0:25:16]} 2. Nf3 {[%clk 0:25:26]} Nf6
{[%clk 0:25:22]} 3. Nxe5 {[%clk 0:25:33]} d6 {[%clk 0:25:30]} 4. Nf3
{[%clk 0:25:41]} Nxe4 {[%clk 0:25:32]} 5. Nc3 {[%clk 0:25:48]} Nxc3
{[%clk 0:25:38]} 6. dxc3 {[%clk 0:25:55]} Be7 {[%clk 0:25:25]} 7. Bf4
{[%clk 0:25:41]} Be6 {[%clk 0:25:26]} 8. Qd2 {[%clk 0:25:12]} Nc6
{[%clk 0:25:24]} 9. O-O-O {[%clk 0:24:47]} a6 {[%clk 0:24:58]} 10. Kb1
{[%clk 0:24:23]} Qd7 {[%clk 0:25:06]} 11. Ng5 {[%clk 0:22:47]} Bxg5
{[%clk 0:25:10]} 12. Bxg5 {[%clk 0:22:55]} f6 {[%clk 0:25:18]} 13. Bf4
{[%clk 0:22:52]} O-O-O {[%clk 0:24:28]} 14. g3 {[%clk 0:21:18]} Kb8
{[%clk 0:23:47]} 15. Bg2 {[%clk 0:20:34]} Rhe8 {[%clk 0:23:30]} 16. Rhe1
{[%clk 0:19:21]} Bf7 {[%clk 0:22:57]} 17. Bd5 {[%clk 0:17:29]} Bxd5
{[%clk 0:21:31]} 18. Qxd5 {[%clk 0:17:36]} Rxe1 {[%clk 0:21:36]} 19. Rxe1
{[%clk 0:17:43]} Re8 {[%clk 0:21:45]} 20. Qd2 {[%clk 0:15:32]} Re6
{[%clk 0:21:45]} 21. Be3 {[%clk 0:14:25]} Ne5 {[%clk 0:21:47]} 22. Qd5
{[%clk 0:13:31]} Qe7 {[%clk 0:21:14]} 23. f4 {[%clk 0:13:14]} c6 {[%clk 0:20:49]}
24. Qd4 {[%clk 0:12:23]} Nd7 {[%clk 0:20:55]} 25. Kc1 {[%clk 0:10:02]} c5
{[%clk 0:21:03]} 26. Qd3 {[%clk 0:09:29]} Nb6 {[%clk 0:20:52]} 27. Kd2
{[%clk 0:08:59]} Re4 {[%clk 0:20:52]} 28. Bxc5 {[%clk 0:06:21]} Nc4+
{[%clk 0:21:00]} 29. Qxc4 {[%clk 0:06:15]} Rxe1 {[%clk 0:21:02]} 30. Bxd6+
{[%clk 0:05:52]} Qxd6+ {[%clk 0:21:10]} 31. Kxe1 {[%clk 0:06:00]} Qe7+
{[%clk 0:21:01]} 32. Qe2 {[%clk 0:06:04]} Qxe2+ {[%clk 0:21:00]} 33. Kxe2
{[%clk 0:06:13]} Kc7 {[%clk 0:21:08]} 34. Ke3 {[%clk 0:06:22]} Kd6
{[%clk 0:21:17]} 35. Kd4 {[%clk 0:06:30]} b6 {[%clk 0:21:24]} 36. c4
{[%clk 0:06:17]} g6 {[%clk 0:21:33]} 37. b4 {[%clk 0:06:17]} h6 {[%clk 0:21:40]}
38. a4 {[%clk 0:05:07]} g5 {[%clk 0:21:43]} 39. Ke4 {[%clk 0:05:01]} Ke6
{[%clk 0:21:51]} 40. b5 {[%clk 0:03:52]} axb5 {[%clk 0:21:59]} 41. axb5
{[%clk 0:03:04]} f5+ {[%clk 0:22:04]} 42. Kd4 {[%clk 0:03:09]} Kd6
{[%clk 0:22:10]} 43. h3 {[%clk 0:02:44]} g4 {[%clk 0:21:59]} 44. h4
{[%clk 0:02:34]} h5 {[%clk 0:21:44]} 45. c3 {[%clk 0:02:42]} Ke6 {[%clk 0:21:53]}
46. c5 {[%clk 0:02:49]} Kd7 {[%clk 0:21:52]} 47. cxb6 {[%clk 0:02:51]} Kc8
{[%clk 0:22:01]} 48. Kd5 {[%clk 0:02:57]} Kb7 {[%clk 0:22:10]} 49. Ke5
{[%clk 0:02:55]} Kxb6 {[%clk 0:22:18]} 50. c4 {[%clk 0:03:01]} Kc7
{[%clk 0:22:26]} 51. Kxf5 {[%clk 0:03:05]} Kd7 {[%clk 0:22:34]} 52. Kg5
{[%clk 0:03:13]} Ke7 {[%clk 0:22:40]} 53. f5 {[%clk 0:03:12]} Kd7
{[%clk 0:22:41]} 54. f6 {[%clk 0:03:20]} Ke6 {[%clk 0:22:47]} 55. b6
{[%clk 0:03:28]} Kd7 {[%clk 0:22:55]} 56. c5 {[%clk 0:03:26]} Kd8
{[%clk 0:23:04]} 57. c6 {[%clk 0:03:27]} Kc8 {[%clk 0:23:13]} 58. b7+
{[%clk 0:03:33]} Kc7 {[%clk 0:23:21]} 59. f7 {[%clk 0:03:39]} Kb8
{[%clk 0:23:26]} 60. f8=Q+ {[%clk 0:03:39]} Ka7 {[%clk 0:23:35]} 61. b8=Q+
{[%clk 0:03:36]} Ka6 {[%clk 0:23:44]} 62. Qa3# {[%clk 0:03:43]} 1-0

[Event "MCR druzstev mladsich zaku 2019"]
[Site "Trest"]
[Date "2019.06.16"]
[Round "9.10"]
[White "Ocko, Nikolas"]
[Black "Licka, Denis"]
[Result "0-1"]
[BlackElo "1349"]
[WhiteElo "1155"]
[LiveChessVersion "1.4.8"]

1. d4 {[%clk 0:25:17]} Nf6 {[%clk 0:25:18]} 2. Bf4 {[%clk 0:25:20]} e6
{[%clk 0:25:26]} 3. Nf3 {[%clk 0:25:20]} b6 {[%clk 0:25:30]} 4. e3
{[%clk 0:25:15]} Bb7 {[%clk 0:25:38]} 5. Nc3 {[%clk 0:25:08]} Bb4
{[%clk 0:24:59]} 6. a3 {[%clk 0:25:05]} Bxc3+ {[%clk 0:25:04]} 7. bxc3
{[%clk 0:25:10]} Ne4 {[%clk 0:25:07]} 8. Bd3 {[%clk 0:23:29]} Nxc3
{[%clk 0:23:58]} 9. Qd2 {[%clk 0:22:54]} Ne4 {[%clk 0:23:38]} 10. Bxe4
{[%clk 0:22:45]} Bxe4 {[%clk 0:23:41]} 11. Qe2 {[%clk 0:21:54]} O-O
{[%clk 0:23:28]} 12. O-O {[%clk 0:21:32]} d6 {[%clk 0:23:22]} 13. Ng5
{[%clk 0:19:54]} Bb7 {[%clk 0:22:35]} 14. Qh5 {[%clk 0:18:03]} h6
{[%clk 0:22:22]} 15. Nf3 {[%clk 0:17:02]} Nd7 {[%clk 0:21:36]} 16. Qb5
{[%clk 0:15:13]} Nf6 {[%clk 0:20:58]} 17. Rfe1 {[%clk 0:13:11]} Ne4
{[%clk 0:20:45]} 18. Qd3 {[%clk 0:11:55]} f5 {[%clk 0:17:30]} 19. Nd2
{[%clk 0:11:18]} Qf6 {[%clk 0:15:05]} 20. Nxe4 {[%clk 0:10:55]} Bxe4
{[%clk 0:15:04]} 21. Qe2 {[%clk 0:10:35]} g5 {[%clk 0:10:28]} 22. Bg3
{[%clk 0:09:20]} Qg6 {[%clk 0:08:08]} 23. f3 {[%clk 0:08:55]} Bb7
{[%clk 0:07:13]} 24. Rad1 {[%clk 0:06:44]} Rf7 {[%clk 0:07:02]} 25. c4
{[%clk 0:06:30]} Rg7 {[%clk 0:06:30]} 26. d5 {[%clk 0:05:58]} e5 {[%clk 0:05:44]}
27. Rd2 {[%clk 0:05:35]} a5 {[%clk 0:04:14]} 28. f4 {[%clk 0:04:50]} e4
{[%clk 0:03:47]} 29. Rf1 {[%clk 0:04:03]} Rf8 {[%clk 0:03:31]} 30. fxg5
{[%clk 0:02:55]} hxg5 {[%clk 0:03:15]} 31. Rf2 {[%clk 0:01:22]} Rh7
{[%clk 0:02:56]} 32. h3 {[%clk 0:01:05]} Ba6 {[%clk 0:01:36]} 33. a4
{[%clk 0:00:54]} Qf6 {[%clk 0:01:06]} 34. Bh2 {[%clk 0:00:41]} Qa1+
{[%clk 0:01:07]} 35. Qf1 {[%clk 0:00:23]} Qxf1+ {[%clk 0:01:13]} 36. Rxf1
{[%clk 0:00:31]} Bxc4 {[%clk 0:01:09]} 37. Rff2 {[%clk 0:00:39]} Bb3
{[%clk 0:00:48]} 38. Rd4 {[%clk 0:00:35]} Rhf7 {[%clk 0:00:12]} 39. Bg3
{[%clk 0:00:19]} f4 {[%clk 0:00:13]} 40. exf4 {[%clk 0:00:26]} gxf4
{[%clk 0:00:22]} 41. Bh2 {[%clk 0:00:16]} f3 {[%clk 0:00:14]} 42. gxf3
{[%clk 0:00:19]} Rxf3 {[%clk 0:00:19]} 43. Rxf3 {[%clk 0:00:23]} Rxf3
{[%clk 0:00:20]} 44. Rxe4 {[%clk 0:00:27]} Bxd5 {[%clk 0:00:15]} 45. Rg4+
{[%clk 0:00:31]} Kf7 {[%clk 0:00:22]} 46. Rf4+ {[%clk 0:00:28]} Rxf4
{[%clk 0:00:27]} 47. Bxf4 {[%clk 0:00:35]} Bb3 {[%clk 0:00:35]} 48. h4
{[%clk 0:00:41]} Bxa4 {[%clk 0:00:43]} 49. Kg2 {[%clk 0:00:49]} Bc2
{[%clk 0:00:49]} 50. Kg3 {[%clk 0:00:56]} a4 {[%clk 0:00:57]} 51. Bc1
{[%clk 0:00:59]} b5 {[%clk 0:01:02]} 52. Kg4 {[%clk 0:01:03]} b4 {[%clk 0:01:01]}
53. Kg5 {[%clk 0:01:11]} a3 {[%clk 0:01:03]} 54. h5 {[%clk 0:01:18]} c5
{[%clk 0:01:05]} 55. h6 {[%clk 0:01:21]} c4 {[%clk 0:01:04]} 56. Bxa3
{[%clk 0:01:19]} bxa3 {[%clk 0:01:11]} 57. h7 {[%clk 0:01:24]} Bxh7
{[%clk 0:01:18]} 0-1

[Event "MCR druzstev mladsich zaku 2019"]
[Site "Trest"]
[Date "2019.06.16"]
[Round "9.11"]
[White "Barteckova, Denisa"]
[Black "Filipova, Vanesa"]
[Result "1-0"]
[BlackElo "1235"]
[WhiteElo "1342"]
[LiveChessVersion "1.4.8"]

1. e4 {[%clk 0:25:18]} e5 {[%clk 0:25:17]} 2. Nf3 {[%clk 0:25:26]} Nf6
{[%clk 0:25:24]} 3. Nc3 {[%clk 0:25:35]} Bb4 {[%clk 0:25:28]} 4. Nd5
{[%clk 0:25:41]} Nc6 {[%clk 0:24:35]} 5. Nxb4 {[%clk 0:25:12]} Nxb4
{[%clk 0:24:37]} 6. d3 {[%clk 0:24:54]} Nc6 {[%clk 0:24:23]} 7. Be2
{[%clk 0:25:00]} d5 {[%clk 0:24:29]} 8. Bg5 {[%clk 0:24:59]} d4 {[%clk 0:24:20]}
9. O-O {[%clk 0:24:51]} O-O {[%clk 0:24:20]} 10. h3 {[%clk 0:24:58]} h6
{[%clk 0:24:18]} 11. Bh4 {[%clk 0:25:02]} Be6 {[%clk 0:23:09]} 12. a3
{[%clk 0:24:59]} Re8 {[%clk 0:21:35]} 13. Qd2 {[%clk 0:24:27]} a6
{[%clk 0:19:58]} 14. Rfe1 {[%clk 0:24:27]} Qe7 {[%clk 0:16:36]} 15. Rad1
{[%clk 0:23:21]} Rad8 {[%clk 0:15:57]} 16. Rb1 {[%clk 0:23:10]} Bd7
{[%clk 0:15:22]} 17. Ra1 {[%clk 0:23:02]} Rc8 {[%clk 0:15:22]} 18. Rec1
{[%clk 0:22:27]} Qe6 {[%clk 0:14:52]} 19. Rab1 {[%clk 0:21:54]} Nh5
{[%clk 0:14:21]} 20. Nxd4 {[%clk 0:18:04]} exd4 {[%clk 0:12:11]} 21. Bxh5
{[%clk 0:17:46]} Qe5 {[%clk 0:11:43]} 22. Bf3 {[%clk 0:17:09]} Qd6
{[%clk 0:10:56]} 23. Bg3 {[%clk 0:17:00]} Qg6 {[%clk 0:10:54]} 24. Qf4
{[%clk 0:16:10]} a5 {[%clk 0:03:26]} 25. Re1 {[%clk 0:15:33]} f6 {[%clk 0:01:15]}
26. Qh4 {[%clk 0:15:01]} Ne5 {[%clk 0:01:10]} 27. Bh5 {[%clk 0:14:09]} Qh7
{[%clk 0:00:26]} 28. Bxe8 {[%clk 0:14:14]} Rxe8 {[%clk 0:00:34]} 29. Bxe5
{[%clk 0:14:15]} Rxe5 {[%clk 0:00:38]} 30. f4 {[%clk 0:14:06]} Rc5
{[%clk 0:00:44]} 31. Re2 {[%clk 0:13:40]} b5 {[%clk 0:00:34]} 32. e5
{[%clk 0:13:36]} f5 {[%clk 0:00:31]} 33. Qd8+ {[%clk 0:13:32]} Kf7
{[%clk 0:00:26]} 34. Qxd7+ {[%clk 0:13:36]} Kg8 {[%clk 0:00:24]} 35. e6
{[%clk 0:13:41]} Qg6 {[%clk 0:00:19]} 36. Qd8+ {[%clk 0:13:41]} Kh7
{[%clk 0:00:26]} 37. e7 {[%clk 0:13:46]} Qf6 {[%clk 0:00:14]} 38. e8=Q
{[%clk 0:13:43]} Qb6 {[%clk 0:00:12]} 39. Re6 {[%clk 0:13:23]} Qb7
{[%clk 0:00:20]} 40. Qh8# {[%clk 0:13:24]} 1-0

[Event "MCR druzstev mladsich zaku 2019"]
[Site "Trest"]
[Date "2019.06.16"]
[Round "9.12"]
[White "Kozusnikova, Daniela"]
[Black "Letal, Hynek"]
[Result "0-1"]
[BlackElo "1278"]
[WhiteElo "1372"]
[LiveChessVersion "1.4.8"]

1. e4 {[%clk 0:25:19]} c5 {[%clk 0:25:19]} 2. Nf3 {[%clk 0:25:26]} e6
{[%clk 0:25:28]} 3. c4 {[%clk 0:25:27]} Nc6 {[%clk 0:25:35]} 4. Nc3
{[%clk 0:25:31]} Nf6 {[%clk 0:25:42]} 5. d4 {[%clk 0:25:36]} cxd4
{[%clk 0:25:50]} 6. Nxd4 {[%clk 0:25:43]} Bb4 {[%clk 0:25:57]} 7. Nxc6
{[%clk 0:25:45]} bxc6 {[%clk 0:26:06]} 8. Bg5 {[%clk 0:25:48]} O-O
{[%clk 0:26:13]} 9. Be2 {[%clk 0:25:52]} h6 {[%clk 0:26:13]} 10. Bh4
{[%clk 0:25:47]} g5 {[%clk 0:26:22]} 11. Bg3 {[%clk 0:25:54]} Nxe4
{[%clk 0:26:30]} 12. O-O {[%clk 0:25:58]} Bxc3 {[%clk 0:26:36]} 13. bxc3
{[%clk 0:26:04]} Nxc3 {[%clk 0:26:44]} 14. Qd3 {[%clk 0:25:49]} Nxe2+
{[%clk 0:26:52]} 15. Qxe2 {[%clk 0:25:57]} d5 {[%clk 0:27:01]} 16. cxd5
{[%clk 0:25:46]} cxd5 {[%clk 0:27:08]} 17. Rfd1 {[%clk 0:25:48]} Qf6
{[%clk 0:27:16]} 18. Be5 {[%clk 0:25:41]} Qg6 {[%clk 0:27:25]} 19. Rac1
{[%clk 0:25:23]} a5 {[%clk 0:27:26]} 20. a4 {[%clk 0:25:17]} Ba6 {[%clk 0:27:34]}
21. Qe3 {[%clk 0:25:07]} Bc4 {[%clk 0:27:42]} 22. h3 {[%clk 0:24:19]} Rac8
{[%clk 0:27:43]} 23. Rb1 {[%clk 0:21:21]} f6 {[%clk 0:25:06]} 24. Bd6
{[%clk 0:20:56]} Rfe8 {[%clk 0:24:43]} 25. Rb2 {[%clk 0:19:17]} e5
{[%clk 0:24:48]} 26. Rdb1 {[%clk 0:18:14]} d4 {[%clk 0:24:13]} 27. Qd2
{[%clk 0:17:31]} Ra8 {[%clk 0:22:27]} 28. Qc1 {[%clk 0:14:49]} Bd5
{[%clk 0:22:27]} 29. Qc5 {[%clk 0:14:21]} Qe4 {[%clk 0:21:51]} 30. f3
{[%clk 0:13:32]} Qe3+ {[%clk 0:21:52]} 31. Kh2 {[%clk 0:13:28]} Bf7
{[%clk 0:21:35]} 32. Bc7 {[%clk 0:12:20]} Rec8 {[%clk 0:21:39]} 33. Rb8
{[%clk 0:11:55]} Raxb8 {[%clk 0:21:44]} 34. Rxb8 {[%clk 0:12:00]} Rxb8
{[%clk 0:21:52]} 35. Bxb8 {[%clk 0:12:06]} Qf4+ {[%clk 0:21:58]} 36. Kg1
{[%clk 0:12:06]} d3 {[%clk 0:22:03]} 37. Qc8+ Kg7 {[%clk 0:22:08]} 38. Qc3
{[%clk 0:09:53]} Qd4+ {[%clk 0:22:16]} 39. Qxd4 {[%clk 0:09:44]} exd4
{[%clk 0:22:24]} 40. Kf2 {[%clk 0:09:43]} Bb3 {[%clk 0:22:32]} 41. Ke1
{[%clk 0:09:47]} Bxa4 {[%clk 0:22:40]} 42. Kd2 {[%clk 0:09:52]} Bc2
{[%clk 0:22:49]} 43. Bd6 {[%clk 0:09:55]} a4 {[%clk 0:22:57]} 44. g3
{[%clk 0:09:57]} Kg6 {[%clk 0:23:00]} 45. g4 {[%clk 0:10:02]} f5 {[%clk 0:23:09]}
46. Be5 {[%clk 0:09:54]} fxg4 {[%clk 0:23:17]} 47. fxg4 {[%clk 0:09:59]} h5
{[%clk 0:23:26]} 48. Bxd4 {[%clk 0:10:04]} hxg4 {[%clk 0:23:28]} 49. hxg4
{[%clk 0:10:12]} a3 {[%clk 0:23:35]} 50. Ke1 {[%clk 0:10:14]} a2 {[%clk 0:23:43]}
51. Kd2 {[%clk 0:10:16]} Kf7 {[%clk 0:23:51]} 52. Ba1 {[%clk 0:10:08]} Ke6
{[%clk 0:23:56]} 53. Bg7 {[%clk 0:10:07]} Kd5 {[%clk 0:24:02]} 54. Ke3
{[%clk 0:09:42]} Kc4 {[%clk 0:24:09]} 55. Kd2 {[%clk 0:09:43]} Kd5
{[%clk 0:23:55]} 56. Bc3 {[%clk 0:09:35]} Ke4 {[%clk 0:24:04]} 57. Bg7
{[%clk 0:09:30]} Kf4 {[%clk 0:24:12]} 58. Bc3 {[%clk 0:09:32]} Kxg4
{[%clk 0:24:21]} 59. Kc1 {[%clk 0:09:39]} Kf3 {[%clk 0:24:29]} 60. Bd2
{[%clk 0:09:40]} g4 {[%clk 0:24:37]} 61. Bc3 {[%clk 0:09:34]} g3 {[%clk 0:24:46]}
62. Bd4 {[%clk 0:09:39]} g2 {[%clk 0:24:51]} 63. Kb2 {[%clk 0:09:39]} d2
{[%clk 0:24:47]} 64. Kxc2 {[%clk 0:09:45]} a1=Q {[%clk 0:24:53]} 65. Bxa1
{[%clk 0:09:53]} g1=Q {[%clk 0:24:59]} 66. Kxd2 {[%clk 0:09:51]} Qxa1
{[%clk 0:25:07]} 67. Kd3 {[%clk 0:09:51]} Qa4 {[%clk 0:25:15]} 68. Kc3
{[%clk 0:09:56]} Ke4 {[%clk 0:25:22]} 69. Kd2 {[%clk 0:09:58]} Qb3
{[%clk 0:25:31]} 70. Ke1 {[%clk 0:10:02]} Qc2 {[%clk 0:25:40]} 71. Kf1
{[%clk 0:10:11]} Kf3 {[%clk 0:25:48]} 72. Ke1 {[%clk 0:10:16]} Qe2# 0-1

[Event "MCR druzstev mladsich zaku 2019"]
[Site "Trest"]
[Date "2019.06.16"]
[Round "9.13"]
[White "Winter, Ondrej"]
[Black "Stogr, Viktor"]
[Result "1-0"]
[BlackElo "1455"]
[WhiteElo "1533"]
[LiveChessVersion "1.4.8"]

1. e4 {[%clk 0:25:13]} e6 {[%clk 0:25:19]} 2. d4 {[%clk 0:25:21]} d5
{[%clk 0:25:27]} 3. Nd2 {[%clk 0:25:30]} dxe4 {[%clk 0:23:13]} 4. Nxe4
{[%clk 0:24:47]} Nc6 {[%clk 0:22:49]} 5. Nf3 {[%clk 0:24:40]} Be7
{[%clk 0:21:40]} 6. Bd3 {[%clk 0:24:27]} Nf6 {[%clk 0:21:27]} 7. O-O
{[%clk 0:24:16]} O-O {[%clk 0:21:34]} 8. c3 {[%clk 0:24:23]} b6 {[%clk 0:20:05]}
9. Qc2 {[%clk 0:22:21]} h6 {[%clk 0:19:52]} 10. Nxf6+ {[%clk 0:19:06]} Bxf6
{[%clk 0:19:57]} 11. Bf4 {[%clk 0:19:12]} Bb7 {[%clk 0:17:37]} 12. Rad1
{[%clk 0:18:34]} Be7 {[%clk 0:10:58]} 13. Qc1 {[%clk 0:17:41]} g5
{[%clk 0:04:30]} 14. Bg3 {[%clk 0:16:24]} Bd6 {[%clk 0:04:37]} 15. Ne5
{[%clk 0:15:57]} Qe8 {[%clk 0:03:53]} 16. Rfe1 {[%clk 0:14:23]} Nxe5
{[%clk 0:03:43]} 17. dxe5 {[%clk 0:13:56]} Be7 {[%clk 0:03:46]} 18. Qd2
{[%clk 0:09:27]} Rd8 {[%clk 0:03:20]} 19. Qe2 {[%clk 0:09:10]} Kg7
{[%clk 0:01:21]} 20. Bb5 {[%clk 0:07:12]} Rxd1 {[%clk 0:00:37]} 21. Bxe8
{[%clk 0:06:50]} Rxe1+ {[%clk 0:00:46]} 22. Qxe1 Rxe8 {[%clk 0:00:55]} 23. f3
{[%clk 0:04:33]} Bc5+ {[%clk 0:01:01]} 24. Bf2 {[%clk 0:04:34]} Bxf2+
{[%clk 0:01:09]} 25. Qxf2 {[%clk 0:03:41]} Rd8 {[%clk 0:01:17]} 26. Qe2
{[%clk 0:03:35]} Bd5 {[%clk 0:01:04]} 27. b3 {[%clk 0:02:59]} Bb7
{[%clk 0:01:04]} 28. a4 {[%clk 0:00:51]} a5 {[%clk 0:00:54]} 29. h3
{[%clk 0:00:26]} Rd7 {[%clk 0:00:41]} 30. Kh2 {[%clk 0:00:23]} Bd5
{[%clk 0:00:34]} 31. c4 {[%clk 0:00:28]} Bb7 {[%clk 0:00:42]} 32. Qc2
{[%clk 0:00:20]} Kg8 {[%clk 0:00:23]} 33. Qe2 {[%clk 0:00:20]} Kg7
{[%clk 0:00:29]} 34. Qc2 {[%clk 0:00:29]} Ba8 {[%clk 0:00:22]} 35. Qe2
{[%clk 0:00:18]} Bb7 {[%clk 0:00:28]} 36. Qc2 {[%clk 0:00:27]} Rd4
{[%clk 0:00:34]} 37. Qe2 {[%clk 0:00:25]} Rd7 {[%clk 0:00:26]} 38. Qc2
{[%clk 0:00:33]} Rd8 {[%clk 0:00:21]} 39. Qe2 {[%clk 0:00:36]} Rd7
{[%clk 0:00:25]} 40. Qc2 {[%clk 0:00:45]} f6 {[%clk 0:00:18]} 41. exf6+
{[%clk 0:00:41]} Kxf6 {[%clk 0:00:27]} 42. Qc3+ {[%clk 0:00:46]} Kf7
{[%clk 0:00:32]} 43. c5 {[%clk 0:00:40]} Ba8 {[%clk 0:00:13]} 44. cxb6
{[%clk 0:00:16]} cxb6 {[%clk 0:00:22]} 45. Qc8 {[%clk 0:00:22]} Ra7
{[%clk 0:00:13]} 46. Qh8 {[%clk 0:00:15]} Kg6 {[%clk 0:00:19]} 47. Qg8+
{[%clk 0:00:22]} Kf6 {[%clk 0:00:25]} 48. Qf8+ {[%clk 0:00:26]} Kg6 49. Qg8+
{[%clk 0:00:33]} Kh5 {[%clk 0:00:31]} 50. Qe8+ {[%clk 0:00:22]} Kh4
{[%clk 0:00:16]} 51. g3# {[%clk 0:00:30]} 1-0

[Event "MCR druzstev mladsich zaku 2019"]
[Site "Trest"]
[Date "2019.06.16"]
[Round "9.14"]
[White "Senft, Antonin"]
[Black "Zelba, Lukas"]
[Result "0-1"]
[BlackElo "1614"]
[WhiteElo "1272"]
[LiveChessVersion "1.4.8"]

1. e4 {[%clk 0:25:15]} d5 {[%clk 0:25:18]} 2. exd5 {[%clk 0:25:21]} Nf6
{[%clk 0:25:27]} 3. d4 {[%clk 0:25:23]} Nxd5 {[%clk 0:25:35]} 4. c4
{[%clk 0:24:51]} Nf6 {[%clk 0:24:53]} 5. Nc3 {[%clk 0:24:48]} e6 {[%clk 0:24:58]}
6. Bg5 {[%clk 0:24:11]} Bb4 {[%clk 0:24:36]} 7. Nf3 {[%clk 0:23:06]} Nbd7
{[%clk 0:24:34]} 8. Bd3 {[%clk 0:22:39]} h6 {[%clk 0:24:36]} 9. Bh4
{[%clk 0:21:41]} c5 {[%clk 0:22:50]} 10. Qb3 {[%clk 0:18:17]} Qa5
{[%clk 0:21:33]} 11. a3 {[%clk 0:17:15]} cxd4 {[%clk 0:20:27]} 12. Nxd4
{[%clk 0:16:48]} Nc5 {[%clk 0:19:56]} 13. Qc2 {[%clk 0:15:41]} Bxc3+
{[%clk 0:19:37]} 14. bxc3 {[%clk 0:15:35]} Nxd3+ {[%clk 0:18:31]} 15. Qxd3
{[%clk 0:15:38]} Qe5+ {[%clk 0:17:54]} 16. Qe2 {[%clk 0:14:24]} Qxe2+
{[%clk 0:17:57]} 17. Kxe2 {[%clk 0:14:32]} g5 {[%clk 0:17:26]} 18. Bg3
{[%clk 0:14:38]} O-O {[%clk 0:17:32]} 19. Rhd1 {[%clk 0:14:12]} Ne4
{[%clk 0:17:22]} 20. Rd3 {[%clk 0:13:34]} Nxg3+ {[%clk 0:17:18]} 21. Rxg3
{[%clk 0:13:38]} b6 {[%clk 0:17:22]} 22. Nb3 {[%clk 0:13:17]} Ba6
{[%clk 0:17:04]} 23. Rg4 {[%clk 0:12:53]} f5 {[%clk 0:17:00]} 24. Rd4
{[%clk 0:11:45]} e5 {[%clk 0:17:09]} 25. Rd3 {[%clk 0:11:07]} Bxc4
{[%clk 0:17:09]} 26. Nc1 {[%clk 0:10:59]} e4 {[%clk 0:17:13]} 27. Ke3
{[%clk 0:10:11]} exd3 {[%clk 0:17:11]} 28. Nxd3 {[%clk 0:10:17]} f4+
{[%clk 0:17:13]} 29. Ke2 {[%clk 0:09:48]} Rad8 {[%clk 0:17:15]} 30. Rd1
{[%clk 0:09:42]} Rfe8+ {[%clk 0:17:20]} 31. Kf3 {[%clk 0:08:56]} Rxd3+
{[%clk 0:17:26]} 32. Rxd3 {[%clk 0:09:04]} Bxd3 {[%clk 0:17:35]} 33. g4
{[%clk 0:08:54]} Bf1 {[%clk 0:17:19]} 34. c4 {[%clk 0:08:49]} Kf7
{[%clk 0:17:23]} 35. c5 bxc5 36. a4 {[%clk 0:08:54]} Kf6 {[%clk 0:17:31]} 37. a5
{[%clk 0:09:03]} Be2+ {[%clk 0:17:27]} 38. Kg2 {[%clk 0:09:09]} Bxg4
{[%clk 0:17:31]} 39. a6 {[%clk 0:09:12]} c4 {[%clk 0:17:36]} 40. f3
{[%clk 0:09:18]} c3 {[%clk 0:17:45]} 41. fxg4 {[%clk 0:09:21]} f3+
{[%clk 0:17:53]} 42. Kxf3 {[%clk 0:09:08]} c2 {[%clk 0:18:02]} 43. h4
{[%clk 0:09:15]} Re3+ {[%clk 0:18:08]} 44. Kxe3 {[%clk 0:09:20]} c1=Q+
{[%clk 0:18:17]} 45. Kf3 {[%clk 0:09:28]} Qf4+ {[%clk 0:18:25]} 46. Kg2
{[%clk 0:09:35]} Ke5 {[%clk 0:18:32]} 47. hxg5 {[%clk 0:09:42]} hxg5
{[%clk 0:18:42]} 48. Kh3 {[%clk 0:09:47]} Ke4 {[%clk 0:18:48]} 49. Kg2
{[%clk 0:09:53]} Qxg4+ {[%clk 0:18:57]} 50. Kh1 {[%clk 0:10:01]} Kf3
{[%clk 0:19:05]} 51. Kh2 {[%clk 0:10:09]} Qg2# 0-1